| 000 | 00683nam a2200217 u 4500 | ||
|---|---|---|---|
| 005 | 20240228064212.0 | ||
| 008 | 150323s2005 es r 000 0 spa d | ||
| 020 | _a8495333724 | ||
| 035 | _aUPN01000202704 | ||
| 049 | _aI | ||
| 050 | 4 |
_aPZ71 _bR3.3 |
|
| 100 | 1 |
_aRamírez, Ana-Luisa, _d1956- _936927 |
|
| 245 | 1 | 0 |
_aAsí es la vida / _cAna-Luisa Ramírez ; il. Carmen Ramírez. |
| 260 |
_aValencia, Esp. : _bEditilde, _c2005. |
||
| 300 |
_a[26] p. : _bprincipalmente il. col. |
||
| 440 | 0 |
_aDiálogo infantil. _pLibros muy ilustrados ; _v7 |
|
| 650 | 4 |
_aLibros y lectura para niños _92290 |
|
| 700 | 1 |
_aRamírez, Carmen, _d1953- _eil. |
|
| 905 | _aInfantil | ||
| 999 |
_c174805 _d174805 |
||